Countries in Random Triangles of the World Map - Statistics

General Stats
  • This quiz has been taken 9,607 times
  • The average score is 17 of 20
Answers on the Map
Answers color-coded by a green-red scale on the quiz's map according to % correct below.
 
Answer Stats
Countries % Correct
Austria | Belarus | Belgium | Czech Republic | Denmark | France | Germany | Hungary | Latvia | Lithuania | Luxembourg | Moldova | Poland | Romania | Russia | Slovakia | Sweden | Ukraine
99%
Bahamas | Cuba | United States
99%
Canada
99%
Canada | United States
99%
Canada | United States
99%
Canada | United States
99%
Canada | United States
99%
Canada | United States
99%
Canada | United States
99%
Canada | United States
99%
United States
99%
Belize | Costa Rica | El Salvador | Guatemala | Honduras | Jamaica | Mexico | Nicaragua
98%
Brazil | France | Guyana | Suriname
98%
Canada
98%
Canada
98%
Canada
98%
Canada | United States
98%
Canada | United States
98%
Canada | United States
98%
China | Mongolia | Russia
98%
Finland | Norway | Russia | Sweden
98%
Mexico | United States
98%
United States
98%
United States
98%
Albania | Austria | Bosnia and Herzegovina | Bulgaria | Croatia | France | Germany | Greece | Hungary | Italy | Kosovo | Liechtenstein | Malta | Moldova | Montenegro | North Macedonia | Romania | San Marino | Serbia | Slovakia | Slovenia | Switzerland | Ukraine | Vatican City
97%
Antigua and Barbuda | Barbados | Brazil | Dominica | Dominican Republic | France | Grenada | Guyana | Haiti | Netherlands | Saint Kitts and Nevis | Saint Lucia | Saint Vincent and the Grenadines | Trinidad and Tobago | United States | Venezuela
97%
Belarus | Estonia | Finland | Latvia | Lithuania | Russia | Sweden | Ukraine
97%
Belize | Cuba | Jamaica | Mexico | United States
97%
Bulgaria | Cyprus | Greece | Iraq | Israel | Jordan | Lebanon | Moldova | Romania | Russia | Syria | Turkey | Ukraine
97%
Canada
97%
France | Portugal | Spain
97%
Mexico | United States
97%
Russia
97%
United States
97%
United States
97%
Armenia | Azerbaijan | Georgia | Iran | Iraq | Kazakhstan | Russia | Syria | Turkey | Ukraine
96%
Belgium | Denmark | France | Germany | Luxembourg | Netherlands | Norway | Sweden | United Kingdom
96%
Brazil | Colombia | Costa Rica | Panama | Venezuela
96%
Canada
96%
Canada | Denmark
96%
Denmark
96%
Denmark | Iceland
96%
Egypt | Iraq | Israel | Jordan | Lebanon | Libya | Saudi Arabia | Sudan | Syria
96%
France | Ireland | United Kingdom
96%
Japan | Russia | South Korea
96%
Russia
96%
Algeria | Chad | Egypt | Libya | Niger | Sudan
95%
Argentina | Bolivia | Brazil | Chile | Paraguay | Peru
95%
Argentina | Brazil | Paraguay
95%
Bahrain | Egypt | Iraq | Kuwait | Oman | Qatar | Saudi Arabia | Sudan | United Arab Emirates | Yemen
95%
Bangladesh | Bhutan | China | India | Nepal | Pakistan
95%
Bolivia | Brazil | Peru
95%
Brazil | Colombia | Ecuador | Peru | Venezuela
95%
China | Kazakhstan | Mongolia | Russia
95%
China | Mongolia | North Korea | Russia | South Korea
95%
Kazakhstan | Russia
95%
Kazakhstan | Russia
95%
Kazakhstan | Russia
95%
Kazakhstan | Russia | Ukraine
95%
Mongolia | Russia
95%
Russia
95%
Russia
95%
Russia
95%
Russia
95%
Russia
95%
Russia
95%
Algeria | Mali | Mauritania | Morocco
94%
Argentina | Bolivia | Chile | Peru
94%
Argentina | Brazil | Paraguay | Uruguay
94%
Argentina | Chile
94%
Bangladesh | Bhutan | China | India | Laos | Myanmar | Thailand | Vietnam
94%
Burkina Faso | Gambia | Ghana | Guinea | Guinea-Bissau | Ivory Coast | Liberia | Mali | Mauritania | Niger | Senegal | Sierra Leone
94%
Russia
94%
Argentina | Chile | Uruguay
93%
Benin | Burkina Faso | Cameroon | Central African Republic | Equatorial Guinea | Ghana | Ivory Coast | Liberia | Mali | Niger | Nigeria | Republic of the Congo | Togo
93%
Brazil
93%
Brazil
93%
Brazil | France | Guyana | Suriname | Venezuela
93%
Denmark
93%
Djibouti | Eritrea | Ethiopia | Oman | Saudi Arabia | Somalia | Sudan | Yemen
93%
Finland | Norway | Sweden
93%
Japan | Russia
93%
Russia
93%
Russia
93%
Russia
93%
Russia
93%
Russia
93%
Russia
93%
Afghanistan | China | India | Kazakhstan | Kyrgyzstan | Pakistan | Tajikistan
92%
Argentina | Chile
92%
China | Kazakhstan | Mongolia
92%
Comoros | France | Madagascar | Malawi | Mozambique | Tanzania | Zambia
92%
Mexico | United States
92%
Russia
92%
Afghanistan | Bahrain | Iran | Iraq | Kuwait | Oman | Pakistan | Qatar | Saudi Arabia | United Arab Emirates
91%
Algeria | Andorra | France | Italy | Malta | Monaco | Morocco | Spain | Tunisia
91%
Argentina | Chile | United Kingdom
91%
Bahamas | Dominican Republic | Haiti | United States
91%
Botswana | Eswatini | Lesotho | Mozambique | Namibia | South Africa
91%
Central African Republic | Democratic Republic of the Congo | Ethiopia | Kenya | Republic of the Congo | Somalia | South Sudan | Sudan | Uganda
91%
China
91%
China | Mongolia
91%
United States
91%
Afghanistan | China | Kazakhstan | Kyrgyzstan | Pakistan | Tajikistan | Uzbekistan
90%
Algeria | Libya | Mali | Mauritania | Morocco | Niger | Tunisia
90%
Australia
90%
Australia
90%
Australia
90%
India | Pakistan
90%
Russia
90%
United States
90%
United States
90%
Angola | Democratic Republic of the Congo | Gabon | Republic of the Congo | Zambia
89%
Australia
89%
Australia | Indonesia | Papua New Guinea | Solomon Islands
89%
Cambodia | Indonesia | Laos | Malaysia | Myanmar | Thailand | Vietnam
89%
India | Indonesia | Maldives | Sri Lanka
89%
Australia | East Timor | Indonesia
88%
Botswana | Democratic Republic of the Congo | Eswatini | Malawi | Mozambique | Namibia | South Africa | Zambia | Zimbabwe
88%
Cameroon | Central African Republic | Chad | Niger | Nigeria | Republic of the Congo | Sudan
88%
China | Philippines | Taiwan
88%
Denmark
88%
India | Maldives
88%
Australia
87%
Australia
87%
Australia | Solomon Islands
87%
Brunei | Cambodia | Indonesia | Malaysia | Philippines | Thailand | Vietnam
87%
Burundi | Democratic Republic of the Congo | Kenya | Republic of the Congo | Rwanda | Somalia | Tanzania | Uganda | Zambia
87%
United States
87%
Australia
86%
Angola | Botswana | Democratic Republic of the Congo | Namibia | Zambia
85%
Indonesia | Malaysia | Singapore
85%
Norway | Sweden
85%
Comoros | Kenya | Malawi | Mozambique | Somalia | Tanzania | Zambia
84%
Indonesia | Papua New Guinea
84%
Namibia | South Africa
84%
Australia
83%
Australia | France | Solomon Islands | Vanuatu
83%
New Zealand
83%
Philippines
81%
Afghanistan | Iran | Iraq | Kazakhstan | Pakistan | Turkmenistan | Uzbekistan
80%
Australia
79%
New Zealand
79%
Cameroon | Equatorial Guinea | Gabon | Republic of the Congo | São Tomé and Príncipe
77%
Denmark
77%
Kiribati
73%
Ecuador | Peru
72%
Fiji | Samoa | Solomon Islands | Tuvalu | Vanuatu
72%
Japan
72%
Somalia | Yemen
71%
Indonesia
70%
Kiribati
70%
New Zealand
70%
France | Madagascar | Mauritius
69%
Kiribati
69%
Kiribati | Solomon Islands | Tuvalu
67%
Seychelles | Somalia
66%
Federated States of Micronesia | Palau
65%
Cape Verde
63%
Indonesia | Maldives
63%
Kiribati | Nauru | Solomon Islands
63%
Kiribati
62%
Cape Verde
61%
Portugal | Spain
61%
Federated States of Micronesia | Marshall Islands
59%
Namibia
56%
Peru
55%
Mexico
54%
Portugal
54%
Namibia
53%
Federated States of Micronesia
51%
Samoa | Tonga
50%
United Kingdom
48%
Mexico
47%
Marshall Islands
45%
No matching quizzes found
Score Distribution
Percent of People with Each Score
Percentile by Number Answered
Your Score History
You have not taken this quiz